Personnages des Bad Guys - Statistiques

Statistiques générales
  • Ce quiz a été pris 7 fois
  • Le résultat moyen est 6 sur 11
Statistiques - réponses
Par images Réponse % Correct
Loup / Wolf
100%
Requin / Shark
100%
Serpent / Snake
100%
La toile
86%
Piranha
86%
Diane
57%
Police chief / la commissaire
29%
Professeur Marmelade
29%
Doom
14%
Feline
14%
Pigtail
14%
Aucun quiz correspondant
Distribution des résultats
% des personnes avec chaque résultat
Percentile par nombre de réponses
Votre historique - résultats
Vous n’avez pas pris ce quiz